000 01003nam a2200229Ii 4500
003 JO-AjNU
005 20240630093603.0
008 230605s9999||||xx |||||||||||||| ||und||
040 _aJO-AjNU
_bara
_erda
_cJO-AjNU
041 _aara
050 1 4 _aK1530.2006
100 3 _aإعداد نصار محمد عودة النجيدين؛ محمد يوسف الزعبي ,
_eauthor
_946752
245 0 0 _aمدى حجية الوسائل التكنولوجية الحديثة في إثبات المواد المدنية " دراسة مقارنة"
264 3 1 _a 2006
300 _a172 ورقة
336 _atext
_btxt
_2rdacontent
337 _aunmediated
_bn
_2rdamedia
338 _avolume
_bnc
_2rdacarrier
500 _aرسالة جامعية (دكتوراة فلسفة في القانون الخاص )--جامعة عمان العربية ، كلية الدراسات القانونية العليا ، 2006
650 4 _aالتكنولوجيا -- قوانين وتشريعات
_946753
942 _2lcc
_cTHS
999 _c23930
_d23930